Estudio de pre-factibilidad técnica para la incorporación de plantas de generación de energía a partir de residuos
Guardat en:
| Autor principal: | |
|---|---|
| Altres autors: | |
| Format: | Llibre |
| Idioma: | Spanish |
| Publicat: |
[San José], Costa Rica
2015
|
| Matèries: | |
| Etiquetes: |
Afegir etiqueta
Sense etiquetes, Sigues el primer a etiquetar aquest registre!
|
MARC
| LEADER | 00000nam a22000007a 4500 | ||
|---|---|---|---|
| 003 | 012381 | ||
| 005 | 20230918112328.0 | ||
| 008 | 160629b2015 cr a|||| |||| 00| ||spa d | ||
| 040 | |c cru CEDI | ||
| 090 | |a TFG 7539 | ||
| 100 | |9 1512 |a García Mainieri, Enrique, 1994- | ||
| 245 | |a Estudio de pre-factibilidad técnica para la incorporación de plantas de generación de energía a partir de residuos | ||
| 260 | |a [San José], Costa Rica |c 2015 | ||
| 300 | |a xix,63 hojas; ilustraciones a color | ||
| 500 | |a Proyecto de graduación (bachillerato en ingeniería eléctrica)--Universidad de Costa Rica. Facultad de Ingeniería. Escuela de Ingeniería Eléctrica | ||
| 501 | |a Profesor Guía de IE-0499 Proyecto Eléctrico: Dr. Jorge Blanco Roldán | ||
| 650 | |x ENERGIA ELECTRICA - PRODUCCION |x ENERGIA ELECTRICA - PRODUCCION |x GENERACION DE ENERGIA - INNOVACIONES TECNOLOGICAS |x BASURAS Y APROVECHAMIENTO DE BASURAS |9 5152 | ||
| 700 | |9 736 |a Blanco Roldán, Jorge, 1950- |d Director de Proyecto Eléctrico | ||
| 942 | |c CEDI | ||
| 999 | |c 16962 |d 16962 | ||
